000 01709nam a2200385 i 4500
001 193133
003 SpMaBN
005 20240708063028.0
007 ta
008 230822s2019 sp | |||| 000 0 spa
017 _aM 9649-2019
_bOficina Depósito Legal Madrid
020 _a9788491236344
035 _a(OCoLC)1117369672
035 _aa6477701
040 _aSpMaBN
_bspa
_cSpMaBN
_erda
_dES-MaACL
080 _a32(4-672 UE)
100 1 _aGuinea Llorente, Mercedes
_9234018
_eaut
245 1 3 _aEl cumplimiento de la Comisión Europea con sus ciudadanos :
_bun balance de resultados de la VIII legislatura del Parlamento Europeo y recomendaciones para el futuro : informe del Consejo Federal Español del Movimiento Europeo /
_cMercedes Guinea Llorente, José Díaz Lafuente ; presentación de Francisco Aldecoa Luzárraga, presidente del CFEME
264 1 _aMadrid :
_bMarcial Pons,
_c2019
300 _a212 páginas ;
_c26 cm
336 _aTexto
_2rdacontent
337 _asin mediación
_2rdamedia
338 _avolumen
_2rdacarrier
500 _aCatalogación provisional. Signatura: N 8625. Depósito J.
504 _aBibliografía: páginas 197-201
610 0 4 _aUnión Europea-
_xPolítica y gobierno
_2embne
_97023
700 1 _aDíaz Lafuente, José
_4autor
_9234019
710 2 _aConsejo Federal Español del Movimiento Europeo
_4autor
_9234020
852 _aES-MaACL
_9200448
_bR.152552
_jN-8625
_cDEPOJ
_hDonación: Editorial
_zEn proceso
942 _n0
_cMONOGRAFIA
999 _c193133
_d193133